Carreiras da Carris 2025 - Statistics

Estatísticas Gerais
  • Esse quiz foi jogado 14 vezes
  • A pontuação média é 14 de 111
Estatísticas das Respostas
Hint Resposta % Correto
Restelo - Portela 728
50%
Rossio - Odivelas 736
50%
Estação Oriente - Algés 750
50%
Pç. José Fontana - Centro Sul 753
50%
Restauradores - Estação Oriente 759
50%
Campo Cebolas / Circulação Graça 10B
25%
Sapadores / Circulação Sta. Apolónia 13B
25%
Pç. Figueira - Algés 15E
25%
Cais Sodré - Cemitério Ajuda 18E
25%
Cais Sodré - B. Padre Cruz 202
25%
Cais Sodré - Estação Oriente 208
25%
C. Comercial Olivais / Circulação Encarnação 29B
25%
ISEL / Circulação B. Alfinetes - Bela Vista 31B
25%
ISEL / Circulação Bela Vista - B. Alfinetes 32B
25%
Entrecampos / Circulação R. Murtas 46B
25%
Sete Rios / Circulação Campo Pequeno 52B
25%
Ascensor Bica 53E
25%
Sete Rios / Circulação Torres Lisboa 58B
25%
Estrela / Circulação Pampulha 67B
25%
Campo Grande (Metro) - Campo Ourique 701
25%
Estação Oriente - Estação Roma-Areeiro 705
25%
Rossio - Campo Ourique 709
25%
Sul E Sueste - Alto Damaia 711
25%
Estação Sta. Apolónia - Alcântara Mar 712
25%
Isel - Estação Roma-Areeiro 718
25%
Picheleira - Alto Sto. Amaro 720
25%
Restauradores - Portela 722
25%
Desterro - Algés 723
25%
Alcântara - Pontinha 724
25%
Estação Oriente - Prior Velho 725
25%
Hosp. Sta. Maria - Caselas 732
25%
Cais Sodré - Hosp. Sta. Maria 735
25%
Pç. Figueira - Castelo 737
25%
Campo Grande (Metro) - Pontinha (Metro) 747
25%
Marquês Pombal - Linda-A-Velha 748
25%
Estação Campolide - Linda-A-Velha 751
25%
Olaias - Junqueira 756
25%
Gomes Freire - Cemitério Ajuda 760
25%
Colégio Militar (Metro) - Portas Benfica 765
25%
Cidade Universitária - B. Padre Cruz 768
25%
Sete Rios / Circulação B. Calhau - Serafina - Espaço Monsanto 770
25%
Rato - Alcântara 773
25%
Algés - Cruz Quebrada 776
25%
Campo Grande (Metro) - Colégio Militar (Metro) 778
25%
Cais Sodré - Prior Velho 781
25%
Cais Sodré - Moscavide 782
25%
Marvila - Estação Roma-Areeiro 793
25%
Sul E Sueste - Estação Oriente 794
25%
Colégio Militar (Metro) - Alfragide Norte 799
25%
Algés / Circulação Caselas 79B
25%
Martim Moniz - Pç. Luís Camões 12E
0%
Alameda D. A. Henriques / Circulação Desterro 17B
0%
Campo Mártires Pátria / Circulação S. Bento 19B
0%
Cais Sodré - Linda-A-Velha 201
0%
Restelo - Xabregas 203
0%
Cais Sodré - Odivelas 206
0%
Cais Sodré - Fetais 207
0%
Cais Sodré - Prior Velho 210
0%
Cais Sodré / Circulação Príncipe Real 22B
0%
Pç. Luis Camões - Campolide 24E
0%
Pç. Figueira - Campo Ourique (Prazeres) 25E
0%
Pq. Nações Norte - Pq. Nações Sul 26B
0%
Martim Moniz - Campo Ourique (Prazeres) 28E
0%
Olaias / Circulação B. Madre Deus 34B
0%
Cruz Da Pedra / Circulação Alameda 37B
0%
Alto Chapeleiro - Lumiar 40B
0%
Galinheiras - Qta. Lavadeiras (Via Lumiar) 41B
0%
Alta Lisboa - Paço Lumiar 45B
0%
Estação Roma-Areeiro / Circulação Olaias 49B
0%
Glória - Restauradores / Circulação Lg. Carmo 51E
0%
Ascensor Lavra 52E
0%
Elevador Sta. Justa 54E
0%
Carnide (C. Comercial) / Circulação B. Padre Cruz Carnide 55B
0%
Bela Flor - B. Liberdade (Via Sete Rios) 61B
0%
Campo Ourique / Circulação Qta. Loureiro 64B
0%
Campo Ourique / Circulação Rato 65B
0%
Marquês Pombal - B. Liberdade 702
0%
Charneca - B. Sta. Cruz 703
0%
Cais Sodré - Estação Sta. Apolónia 706
0%
Martim Moniz - Sacavém (Urb. Real Forte) 708
0%
Alameda D. A. Henriques - Estação Campolide 713
0%
Cais Sodré - Outurela 714
0%
Alameda D. A. Henriques - Benfica 716
0%
Pç. Chile - Fetais 717
0%
Colégio Militar (Metro) / Circulação B. Boavista - B. Sta. Cruz 71B
0%
Sapadores - Pontinha Centro 726
0%
Estação Roma-Areeiro - Restelo 727
0%
B. Padre Cruz - Algés 729
0%
Colégio Militar (Metro) / Circulação B. Sta. Cruz - B. Boavista 72B
0%
Picheleira - Pç. José Fontana 730
0%
Av. José Malhoa - Sacavém 731
0%
Martim Moniz - Estação Sta. Apolónia 734
0%
Estrada Luz - Alto Sto. Amaro 738
0%
Centro Congressos / Circulação Qta. Jacinto 73B
0%
B. Madre Deus - Pólo Univ. Ajuda 742
0%
Restauradores - Moscavide 744
0%
Marquês Pombal - Estação Damaia 746
0%
Isel - Benfica 749
0%
Campo Pequeno - Alfragide 754
0%
Poço Bispo - Sete Rios 755
0%
Cais Sodré - Portas Benfica 758
0%
Lumiar - Colégio Militar (Metro) 763
0%
Cidade Universitária - Damaia Cima 764
0%
Campo Mártires Pátria - Reboleira (Metro) 767
0%
Boa Hora / Circulação Caramão Ajuda 76B
0%
Sete Rios - Boa-Hora 771
0%
Campo Ourique - Gomes Freire 774
0%
Amoreiras - Prior Velho 783
0%
Campo Grande (Metro) - Galinheiras 796
0%
Alameda D. A. Henriques - Sapadores 797
0%
Campo Grande (Metro) - Galinheiras 798
0%
Nenhum quiz correspondente encontrado
Distribuição das Pontuações
Porcentagem de Pessoas com Cada Pontuação
Percentil de Números Respondidos
Sua Pontuação Histórica
Você não jogou esse quiz